| 000 | 00844cam a22002655a 4500 | ||
|---|---|---|---|
| 001 | 17501007 | ||
| 005 | 20150803121706.0 | ||
| 008 | 121019s2013 enk frb f001 0 eng d | ||
| 020 | _a019976607X | ||
| 020 | _a9780199766079 | ||
| 040 |
_aDLC _beng _cDLC _dEG-ScBUE |
||
| 082 | 0 | 4 |
_a320.557 _bPOS _222 |
| 245 | 0 | 0 |
_aPost-Islamism : _bthe changing faces of political Islam / _cedited by Asef Bayat. |
| 260 |
_aOxford ; _aNew York : _bOxford University Press, _c2013. |
||
| 300 |
_axiv, 351 p. ; _c24 cm. |
||
| 500 | _aIndex : p. 343-351. | ||
| 504 | _aIncludes bibliographical references. | ||
| 650 | 0 |
_aIslam and politics. _2BUEsh |
|
| 650 | 0 |
_aIslam _y20th century. _2BUEsh |
|
| 651 | _2BUEsh | ||
| 653 |
_bBUSBOL _cJuly2015 _cAugust2015 |
||
| 655 |
_vreading book _934232 |
||
| 700 | 1 |
_aBayat, Asef, _eeditor. |
|
| 942 |
_2ddc _k320.557 POS |
||
| 999 |
_c20136 _d20108 |
||